000 00758cam a22002411 4500
001 ne 64000415
003 DLC
005 20260227111756.0
008 900920q19001964ua 000 0 arar
010 _ane 64000415
025 _aPL480:UAR-2071
035 _a(OCoLC)22410420
040 _aDLC
_cWaU
_dDLC
041 1 _aara
_hper
042 _apremarc
050 0 0 _aPK6540
_b.B2 1961
100 0 _aSaʻdī.
245 1 0 _aBustān,
_cli-shāʻir al-insānīyah Saʻdī al-Shirāzī.
260 _a[al-Qāhirah]
_bMaktabat al-Anjlū al-Miṣrīyah
_c[19--]
300 _av.
_c21 cm.
490 0 _aSilsilat rawāʼiʻ al-adab al-Fārisī,
_v3
505 1 _aal-Juzʼ al-thānī: Bāb al-iḥsān, al-naṣṣ wa-tarjamatuhu li-Muḥammad Mūsá Hindāwī --
999 _c46716
_d46716